00657 2200205 4500001002100000005001500021035002000036007000300056008004100059020001800100082001000118084001600128100002200144245014900166250001000315260005700325300003200382650002600414990001100440INLIS00000000001459920220906011351 a0010-0922000011ta220906 g 0 ind  a9789790813861 a153.8 a153.8 RIC d0 aRICHARD, claproth1 aDahsyatnya Bahaya Aktivasi Otak Tengah :bMenguah kontoversi aktivasi otak tengah & hipnosis massal secara investigaif /cRichard Claproth. Ph.D acet.1 aJakarta :bPT. Gramedia Widiasarana Indonesia,c2010 aviii, 248 hlm ;c23 x 15 cm 4aPikiran dan pemikiran a14.119